Технология строительства подземных сооружений: учебник для вузов

Bibliographische Detailangaben
Weitere Verfasser: Насонов И. Д. Илья Дмитриевич, Федюкин В. А., Шуплик М. Н., Ресин В. И.
Sprache:Russisch
Veröffentlicht: Москва, Недра, 1992
Ausgabe:2-е изд., перераб. и доп.
Schlagworte:
Format: MixedMaterials Buch
KOHA link:https://koha.lib.tpu.ru/cgi-bin/koha/opac-detail.pl?biblionumber=31749

MARC

LEADER 00000nam0a2200000 4500
001 31749
005 20231030204556.0
010 |a 5247011511 
035 |a (RuTPU)RU\TPU\book\32041 
035 |a BOOK00000112 
090 |a 31749 
100 |a 20011210d1992 m y0rusy50 ca 
101 0 |a rus 
102 |a RU 
105 |a a j 000zy 
200 1 |a Технология строительства подземных сооружений  |e учебник для вузов  |f И. Д. Насонов [и др.] 
205 |a 2-е изд., перераб. и доп. 
210 |a Москва  |c Недра  |d 1992 
215 |a 286 с.  |c ил. 
320 |a Библиогр.: с. 282-283. 
510 1 |a Строительство вертикальных выработок 
610 1 |a подземные взрывы 
610 1 |a строительство 
610 1 |a вертикальные стволы 
610 1 |a буровзрывные работы 
610 1 |a учебные пособия 
675 |a 624.1(075.8)  |v 3 
675 |a 622.25(075.8)  |v 3 
701 1 |a Насонов  |b И. Д.  |g Илья Дмитриевич 
701 1 |a Федюкин  |b В. А. 
701 1 |a Шуплик  |b М. Н. 
701 1 |a Ресин  |b В. И. 
801 0 |a RU  |b 63413507  |c 20011210  |g PSBO 
801 2 |a RU  |b 63413507  |c 20190623  |g RCR 
942 |c BK